[Event "Mercredi 2010.03.31 ABCD"]
[Site "Montreal CAN"]
[Date "2010.03.31"]
[Round "1"]
[White "Levkovsky, Alexandre"]
[Black "Chiku-Ratte, Olivier-Kenta"]
[Result "1-0"]
[WhiteElo "2193"]
[BlackElo "1808"]
[PlyCount "111"]
[EventDate "2010.03.31"]
[EventType "tourn"]
[EventRounds "5"]
[EventCountry "CAN"]

1. e4 c5 2. Nf3 d6 3. d4 cxd4 4. Nxd4 Nf6 5. Nc3 g6 6. Be2 Bg7 7. Be3 Nc6 8.
O-O O-O 9. Nb3 Be6 10. f4 Rc8 11. Bf3 a6 12. a4 Na5 13. Nxa5 Qxa5 14. Nd5 Nxd5
15. exd5 Bf5 16. c3 h5 17. Qb3 Qc7 18. Rfd1 Qc4 19. Qb6 Bc2 20. Rd2 Be4 21. Be2
Qc7 22. Qxc7 Rxc7 23. Bb6 Rcc8 24. a5 Bh6 25. Rd4 f5 26. g3 Bg7 27. Rd2 Bh6 28.
h4 Rfe8 29. Bd1 Kf7 30. Ba4 e5 31. dxe6+ Kxe6 32. Bxe8 Rxe8 33. c4 Rc8 34. Rad1
Bf8 35. b3 Bf3 36. Re1+ Be4 37. Kf2 Bg7 38. Red1 Bc6 39. Bd4 Bf8 40. Bc3 Be7
41. Bb4 Bf8 42. Ke3 Be7 43. Ba3 Bf8 44. Kf2 Be7 45. Rd4 Bf8 46. R1d2 Be7 47.
Ke3 Bf8 48. Rd1 Be4 49. Rxe4+ fxe4 50. Kxe4 Be7 51. Rd5 Bf6 52. f5+ gxf5+ 53.
Rxf5 Rf8 54. Bxd6 Rg8 55. Bf4 Rd8 56. Rxf6+ 1-0

[Event "Mercredi 2010.03.31 ABCD"]
[Site "Montreal CAN"]
[Date "2010.04.07"]
[Round "2"]
[White "Chiku-Ratte, Olivier-Kenta"]
[Black "Lange, David"]
[Result "1-0"]
[WhiteElo "1808"]
[BlackElo "1962"]
[PlyCount "45"]
[EventDate "2010.03.31"]
[EventType "tourn"]
[EventRounds "5"]
[EventCountry "CAN"]

1. d4 d5 2. c4 c6 3. Nf3 Nf6 4. Nc3 g6 5. cxd5 cxd5 6. Bf4 Bg7 7. e3 Bd7 8. Qb3
Bc6 9. Bd3 O-O 10. O-O Nbd7 11. Rac1 Qb6 12. Qa3 Nh5 13. Bg3 Nxg3 14. hxg3 e5
15. dxe5 Nxe5 16. Be2 Nc4 17. Bxc4 dxc4 18. Nd2 Bxc3 19. Qxc3 Bd5 20. Nxc4 Bxc4
21. Qxc4 Qxb2 22. Rb1 Rfc8 23. Qxc8+ 1-0

[Event "Mercredi 2010.03.31 ABCD"]
[Site "Montreal CAN"]
[Date "2010.04.14"]
[Round "3"]
[White "Sasseville, Jean"]
[Black "Chiku-Ratte, Olivier-Kenta"]
[Result "0-1"]
[WhiteElo "2058"]
[BlackElo "1808"]
[PlyCount "62"]
[EventDate "2010.03.31"]
[EventType "tourn"]
[EventRounds "5"]
[EventCountry "CAN"]

1. Nf3 Nf6 2. c4 c5 3. d4 cxd4 4. Nxd4 Nc6 5. Nc3 g6 6. e4 d6 7. Be2 Bg7 8. Be3
O-O 9. Qd2 Ng4 10. Bxg4 Bxg4 11. O-O Na5 12. b3 Rc8 13. f3 Bd7 14. Rac1 a6 15.
Nd5 Nc6 16. c5 dxc5 17. Rxc5 e6 18. Nc3 Qe7 19. Nxc6 Bxc6 20. Rc1 Rfd8 21. Qf2
Qd7 22. Rc4 b5 23. Rc5 Bf8 24. Rg5 Be7 25. Rg4 h5 26. Rh4 b4 27. Rxh5 bxc3 28.
Qg3 c2 29. Qe5 f6 30. Qg3 Qd1+ 31. Kf2 Rd2+ 0-1

[Event "Mercredi 2010.03.31 ABCD"]
[Site "Montreal CAN"]
[Date "2010.04.26"]
[Round "5"]
[White "Gagnon, Serge"]
[Black "Chiku-Ratte, Olivier-Kenta"]
[Result "1-0"]
[WhiteElo "1969"]
[BlackElo "1808"]
[PlyCount "97"]
[EventDate "2010.03.31"]
[EventType "tourn"]
[EventRounds "5"]
[EventCountry "CAN"]

1. d4 Nf6 2. c4 c5 3. d5 e6 4. Nc3 exd5 5. cxd5 d6 6. e4 g6 7. Nf3 Bg7 8. Bd3
O-O 9. O-O Nh5 10. Bg5 Bf6 11. Qd2 Bg4 12. Bh6 Bg7 13. Bxg7 Kxg7 14. Ne1 a6 15.
a4 Qc7 16. Nc2 c4 17. Ne3 cxd3 18. Nxg4 Nd7 19. Qxd3 Nc5 20. Qd4+ f6 21. Ra3
Rfb8 22. b4 Nd7 23. Ne2 Qb6 24. g3 Rc8 25. Ne3 Kf7 26. Nc4 Qc7 27. Rc3 Qb8 28.
Rfc1 Rd8 29. Nb6 Nxb6 30. Qxb6 Rd7 31. Rc7 Ke7 32. Nd4 Ng7 33. f4 Ne8 34. Rxd7+
Kxd7 35. Ne6 Ke7 36. Kg2 h5 37. h3 a5 38. b5 Qa7 39. Qxa7 Rxa7 40. Rc8 Kd7 41.
Rd8+ Ke7 42. b6 Ra6 43. Rxe8+ Kxe8 44. Nc7+ Kd7 45. Nxa6 bxa6 46. h4 Kc8 47. f5
gxf5 48. exf5 Kb7 49. g4 1-0

[Event "Quebec-ch U20"]
[Site "Montreal CAN"]
[Date "2010.03.12"]
[Round "1"]
[White "Paille, Jordan"]
[Black "Chiku-Ratte, Olivier-Kenta"]
[Result "0-1"]
[WhiteElo "1178"]
[BlackElo "1798"]
[PlyCount "52"]
[EventDate "2010.03.12"]
[EventType "swiss"]
[EventRounds "5"]
[EventCountry "CAN"]

1. e4 c5 2. Nf3 d6 3. Bc4 Nf6 4. Nc3 g6 5. d3 Bg7 6. d4 cxd4 7. Qxd4 O-O 8. Qd3
Nc6 9. O-O a6 10. a4 Qc7 11. Nd5 Nxd5 12. exd5 Na5 13. Ba2 Bf5 14. Qc3 Bxc3 15.
bxc3 Qxc3 16. Bd2 Qc7 17. Nd4 Nc4 18. Bf4 Ne5 19. Rac1 b5 20. axb5 axb5 21. Ra1
Qc5 22. Nxf5 gxf5 23. Bb3 Rxa1 24. Rxa1 Qd4 25. Bxe5 dxe5 26. Re1 Ra8 0-1

[Event "Quebec-ch U20"]
[Site "Montreal CAN"]
[Date "2010.03.13"]
[Round "2"]
[White "Chiku-Ratte, Olivier-Kenta"]
[Black "Jiang, Louie"]
[Result "0-1"]
[WhiteElo "1798"]
[BlackElo "2321"]
[PlyCount "66"]
[EventDate "2010.03.12"]
[EventType "swiss"]
[EventRounds "5"]
[EventCountry "CAN"]

1. d4 Nf6 2. c4 e6 3. Nc3 d5 4. cxd5 exd5 5. Bg5 Nbd7 6. e3 Be7 7. Bd3 O-O 8.
Qc2 c6 9. Nf3 Re8 10. O-O Nf8 11. h3 Be6 12. Ne5 N6d7 13. Bxe7 Qxe7 14. f4 f6
15. Nf3 Rac8 16. b4 b5 17. a3 Nb6 18. Rfe1 Bf7 19. e4 dxe4 20. Nxe4 Qc7 21. f5
Bd5 22. Re2 Re7 23. Rae1 Rf7 24. Qc5 Rd8 25. Nfd2 Rfd7 26. Nc3 Bf7 27. Re7 Rxe7
28. Rxe7 Nfd7 29. Bxb5 Qf4 30. Qxc6 Qxd4+ 31. Kh1 Qxd2 32. Ne4 Qd1+ 33. Kh2 Qd5
0-1

[Event "Quebec-ch U20"]
[Site "Montreal CAN"]
[Date "2010.03.13"]
[Round "3"]
[White "Wang, Kelly"]
[Black "Chiku-Ratte, Olivier-Kenta"]
[Result "0-1"]
[WhiteElo "1518"]
[BlackElo "1798"]
[PlyCount "116"]
[EventDate "2010.03.12"]
[EventType "swiss"]
[EventRounds "5"]
[EventCountry "CAN"]

1. e4 c5 2. Nf3 d6 3. d4 cxd4 4. Nxd4 Nf6 5. Nc3 g6 6. Be3 Bg7 7. f3 Nc6 8. Qd2
O-O 9. Bc4 Bd7 10. O-O-O Rc8 11. Bb3 Ne5 12. h4 h5 13. Bg5 Rc5 14. Qe2 a6 15.
Bd5 b5 16. Nb3 Rc7 17. Qe3 e6 18. Qe2 Qc8 19. Bxe6 Bxe6 20. Rxd6 Nc4 21. Rd3
Nd7 22. Rhd1 Nxb2 23. Kxb2 Rxc3 24. Nd4 Rxd3 25. Rxd3 Qc4 26. Qe3 Qxa2+ 27. Kc1
Rc8 28. Rc3 Qa1+ 29. Kd2 Qxc3+ 30. Qxc3 Rxc3 31. Kxc3 Nc5 32. Be3 Bc4 33. Kb4
Bxd4 34. Bxd4 Nb7 35. Bb6 Kf8 36. e5 Ke7 37. f4 Ke6 38. Bc7 Kd5 39. g3 a5+ 40.
Bxa5 Nxa5 41. Kxa5 Ke4 42. c3 Kf3 43. g4 hxg4 44. f5 g3 45. e6 fxe6 46. f6 e5
47. h5 gxh5 48. f7 Bxf7 49. Kxb5 g2 50. c4 Bxc4+ 51. Kb4 g1=Q 52. Kc3 Qe3+ 53.
Kb4 Bd3 54. Kb3 Qc5 55. Kb2 Qb4+ 56. Kc1 Qb1+ 57. Kd2 Qc2+ 58. Ke1 Qe2# 0-1

[Event "Quebec-ch U20"]
[Site "Montreal CAN"]
[Date "2010.03.14"]
[Round "4"]
[White "Chiku-Ratte, Olivier-Kenta"]
[Black "Chang, Michael"]
[Result "1/2-1/2"]
[WhiteElo "1798"]
[BlackElo "1584"]
[PlyCount "141"]
[EventDate "2010.03.12"]
[EventType "swiss"]
[EventRounds "5"]
[EventCountry "CAN"]

1. d4 d5 2. c4 e6 3. Nc3 Nf6 4. cxd5 exd5 5. Bg5 c6 6. e3 Be7 7. Bd3 O-O 8. Qc2
h6 9. Bf4 Nbd7 10. Nf3 b6 11. O-O Bb7 12. h3 Re8 13. Rac1 Nf8 14. Ne5 Bd6 15.
Na4 Bxe5 16. Bxe5 N8d7 17. Bh2 b5 18. Nc5 Nxc5 19. Qxc5 Qa5 20. a4 a6 21. b4
Qd8 22. a5 Nd7 23. Qd6 Nf6 24. Rc2 Qxd6 25. Bxd6 Re6 26. Bc5 g6 27. Rfc1 Kg7
28. Kf1 Nd7 29. Ke1 f5 30. Kd2 Nf6 31. f4 Rae8 32. Re1 Nh5 33. Rcc1 Ng3 34. Bb6
R6e7 35. Ba7 Ba8 36. Bc5 Re6 37. Rc3 Nh5 38. Be2 Nf6 39. Bf3 h5 40. Rg1 Rh8 41.
Bb6 Re7 42. Rgc1 Rc8 43. Rc5 Bb7 44. Ba7 Ra8 45. Bb6 Rc8 46. R5c3 Ree8 47. Bc5
Re6 48. Rg1 Rh8 49. g3 Kf7 50. Bb6 Re7 51. Kc2 Rhe8 52. Re1 Ba8 53. Kd2 Bb7 54.
Rec1 Rc8 55. Rc5 Re6 56. R5c3 Re7 57. Ba7 Ba8 58. Bc5 Re6 59. Rd3 Bb7 60. Rg1
Rh8 61. Bb6 Re7 62. Rc3 Ba8 63. Rgc1 Rc8 64. Rc5 Bb7 65. Ba7 Ba8 66. Bb6 Bb7
67. R5c3 Ba8 68. Rg1 Rh8 69. Rd3 Bb7 70. Bc5 Re6 71. Bb6 1/2-1/2

[Event "Quebec-ch U20"]
[Site "Montreal CAN"]
[Date "2010.03.14"]
[Round "5"]
[White "Cvetkovic, Simeon"]
[Black "Chiku-Ratte, Olivier-Kenta"]
[Result "1-0"]
[WhiteElo "1934"]
[BlackElo "1798"]
[PlyCount "101"]
[EventDate "2010.03.12"]
[EventType "swiss"]
[EventRounds "5"]
[EventCountry "CAN"]

1. e4 c5 2. Nc3 Nc6 3. f4 g6 4. Nf3 Bg7 5. Bc4 d6 6. O-O e6 7. f5 Nge7 8. fxe6
Bxe6 9. Bxe6 fxe6 10. Ng5 Qd7 11. d3 O-O-O 12. Nf7 Bd4+ 13. Kh1 Ne5 14. Nxd8
Rxd8 15. Ne2 N5c6 16. Nxd4 Nxd4 17. c3 Ndc6 18. Bg5 d5 19. Qe2 d4 20. c4 Qd6
21. e5 Qc7 22. Rf7 h6 23. Bxh6 Rh8 24. Rf8+ Rxf8 25. Bxf8 Nf5 26. Re1 Qh7 27.
Kg1 b6 28. Qe4 Kd7 29. a3 Qf7 30. g4 Qxf8 31. gxf5 Qxf5 32. Re2 Qg5+ 33. Kf2
Ne7 34. b4 Qh5 35. Ke1 Nf5 36. bxc5 bxc5 37. Qb7+ Ke8 38. Qc6+ Kf7 39. Qd7+ Kf8
40. Qxe6 Qg4 41. Kd2 Qf4+ 42. Kc2 Ne3+ 43. Kb3 Qf3 44. Qf6+ Qxf6 45. exf6 Kf7
46. Ka4 Kxf6 47. Kb5 Ke5 48. Kxc5 g5 49. Rf2 g4 50. Rf8 Nf5 51. Rxf5+ 1-0

[Event "Mercredi 2010.02.17 ABCD"]
[Site "Montreal CAN"]
[Date "2010.02.17"]
[Round "2"]
[White "Chiku-Ratte, Olivier-Kenta"]
[Black "Lange, Holger"]
[Result "1/2-1/2"]
[WhiteElo "1798"]
[BlackElo "1746"]
[PlyCount "150"]
[EventDate "2010.02.17"]
[EventType "tourn"]
[EventRounds "5"]
[EventCountry "CAN"]

1. d4 Nf6 2. c4 e6 3. Nc3 Bb4 4. e3 c5 5. Nge2 O-O 6. g3 d5 7. cxd5 Qxd5 8. Rg1
cxd4 9. exd4 Rd8 10. Be3 Nc6 11. Bg2 Qa5 12. a3 Bxc3+ 13. Nxc3 Nd5 14. Bxd5
exd5 15. b4 Qc7 16. Qb3 Be6 17. Rc1 Qe7 18. Qb2 Bg4 19. Kd2 Qf6 20. Na4 Qf3 21.
Rge1 Rac8 22. Nc5 b6 23. Nd3 f6 24. a4 Bf5 25. Rc3 Qh5 26. h4 Qf7 27. Rec1 Qd7
28. h5 Ne7 29. b5 Rxc3 30. Rxc3 Nc8 31. Bf4 Bxd3 32. Kxd3 Qf5+ 33. Kd2 Qxh5 34.
Re3 g5 35. Bb8 Qf7 36. g4 Re8 37. Qc3 Rxe3 38. Qxe3 Qd7 39. f3 Kf7 40. Qd3 Kg7
41. Qc3 Ne7 42. Qb4 Nc8 43. Bg3 Kf7 44. Qb1 Kg7 45. Qc2 Ne7 46. Ke3 Qe6+ 47.
Kf2 Qd7 48. Kg2 Kg8 49. Qc3 Kf7 50. Qc2 Kg8 51. Be1 Qc8 52. Qe2 Kf7 53. Bb4 Ng6
54. Bd6 Qd8 55. Bg3 Qc8 56. Qd3 Qc4 57. Qf5 Ke7 58. Qb1 Qxd4 59. Qe1+ Kf7 60.
Qc1 Qc4 61. Qe3 d4 62. Qe4 Qxa4 63. Qb7+ Kg8 64. Qc8+ Kg7 65. Qd7+ Kh6 66. Qe6
Qc2+ 67. Kh3 Qd1 68. Kg2 Qd2+ 69. Kf1 Qd3+ 70. Kg2 Qd2+ 71. Kf1 d3 72. Bd6 Qc3
73. Qf7 d2 74. Bf8+ Nxf8 75. Qxf8+ Kg6 1/2-1/2

[Event "Mercredi 2010.02.17 ABCD"]
[Site "Montreal CAN"]
[Date "2010.02.24"]
[Round "2"]
[White "Zroud, Hicham"]
[Black "Chiku-Ratte, Olivier-Kenta"]
[Result "1-0"]
[WhiteElo "1731"]
[BlackElo "1798"]
[PlyCount "72"]
[EventDate "2010.02.17"]
[EventType "tourn"]
[EventRounds "5"]
[EventCountry "CAN"]

1. e4 c5 2. Nc3 Nc6 3. f4 g6 4. Nf3 Bg7 5. Bb5 Nd4 6. O-O Nxb5 7. Nxb5 d5 8.
exd5 a6 9. Nc3 Nf6 10. d4 Nxd5 11. dxc5 Nxc3 12. Qxd8+ Kxd8 13. bxc3 Kc7 14.
Rb1 Bxc3 15. Rb3 Bg7 16. Bd2 a5 17. Rfb1 Ra7 18. Bc3 Bxc3 19. Rxc3 Be6 20. a3
Rd8 21. Ng5 Bd5 22. Re1 Rd7 23. Rce3 Kd8 24. Nxh7 f6 25. Nf8 Rc7 26. Nxg6 Rxc5
27. Nxe7 Bf7 28. Rd3+ Kc7 29. Red1 Be8 30. Rd8 Bb5 31. Rc8+ Kb6 32. Nd5+ Rxd5
33. Rxd5 Bc6 34. Rf5 Bd7 35. Rxf6+ Kb5 36. Rd8 Bc6 1-0

[Event "Mercredi 2010.02.17 ABCD"]
[Site "Montreal CAN"]
[Date "2010.03.03"]
[Round "3"]
[White "Chiku-Ratte, Olivier-Kenta"]
[Black "Dobrev, Martin"]
[Result "1-0"]
[WhiteElo "1798"]
[BlackElo "1846"]
[PlyCount "75"]
[EventDate "2010.02.17"]
[EventType "tourn"]
[EventRounds "5"]
[EventCountry "CAN"]

1. d4 c6 2. c4 d5 3. Nf3 Nf6 4. Nc3 e6 5. e3 Nbd7 6. Qc2 Be7 7. b3 O-O 8. Be2
Bb4 9. Bb2 Ne4 10. O-O Bxc3 11. Bxc3 a5 12. Nd2 f5 13. f3 Nxc3 14. Qxc3 f4 15.
e4 Qh4 16. cxd5 exd5 17. Rfe1 Nf6 18. Qc5 h5 19. exd5 cxd5 20. Bf1 Qg5 21. Re5
Qg6 22. Rae1 h4 23. Kh1 Bf5 24. Qb6 Kh8 25. Qxb7 Rac8 26. Qa6 Rc2 27. Qxa5 h3
28. Qb4 Ra8 29. a4 Bd3 30. gxh3 Bxf1 31. Rxf1 Qd3 32. Rd1 Rac8 33. Ree1 R8c3
34. Qb8+ Kh7 35. Qxf4 Ra2 36. Ne4 Nxe4 37. Qh4+ Kg8 38. Rxd3 1-0

[Event "Mercredi 2010.02.17 ABCD"]
[Site "Montreal CAN"]
[Date "2010.03.10"]
[Round "4"]
[White "Khudaverdian, Berj"]
[Black "Chiku-Ratte, Olivier-Kenta"]
[Result "0-1"]
[WhiteElo "1802"]
[BlackElo "1798"]
[PlyCount "86"]
[EventDate "2010.02.17"]
[EventType "tourn"]
[EventRounds "5"]
[EventCountry "CAN"]

1. e4 c5 2. Nf3 d6 3. d4 cxd4 4. Nxd4 Nf6 5. Nc3 g6 6. f3 Bg7 7. Bc4 Nc6 8.
Nxc6 bxc6 9. Be3 O-O 10. Qd2 Rb8 11. Bb3 Qa5 12. g4 Bd7 13. h4 h5 14. gxh5 Nxh5
15. Rg1 Kh7 16. Rg5 c5 17. a4 Bc6 18. Kf2 Bf6 19. Rg4 c4 20. Bxc4 Rxb2 21. Ra3
Qb4 22. e5 Qxa3 23. exf6 Nxf6 24. Rf4 Bxa4 25. Nxa4 Qxa4 26. Bd3 Qd7 27. Kg2
Nh5 28. Rg4 e5 29. Bc4 Rc8 30. Bb3 d5 31. Ra4 d4 32. Ra5 Qf5 33. Bf2 Nf4+ 34.
Kg1 Rb1+ 35. Be1 Qh3 36. Rxe5 Qxf3 37. Kh2 Qh3+ 38. Kg1 Qg3+ 39. Kf1 Nd3 40.
Re7 Rxe1+ 41. Rxe1 Qxe1+ 42. Qxe1 Nxe1 43. Kxe1 f5 0-1

[Event "Mercredi 2010.02.17 ABCD"]
[Site "Montreal CAN"]
[Date "2010.03.17"]
[Round "5"]
[White "Chiku-Ratte, Olivier-Kenta"]
[Black "Gates, Claude-Eric"]
[Result "0-1"]
[WhiteElo "1798"]
[BlackElo "1706"]
[PlyCount "110"]
[EventDate "2010.02.17"]
[EventType "tourn"]
[EventRounds "5"]
[EventCountry "CAN"]

1. d4 Nf6 2. c4 e6 3. Nc3 Bb4 4. e3 O-O 5. Nge2 b5 6. cxb5 a6 7. bxa6 Bxa6 8.
Bd2 c5 9. a3 cxd4 10. exd4 Be7 11. f3 Nc6 12. b4 Bxe2 13. Nxe2 Qb6 14. Be3 Nd5
15. Bg1 Bf6 16. g3 Ra7 17. Bg2 Rfa8 18. Qb3 Ncxb4 19. a4 Qa5 20. Kf1 g6 21. Bh3
Nc6 22. Kg2 Qd2 23. Ra2 Qh6 24. Bf2 Qg7 25. Rd1 Qf8 26. f4 Qb4 27. Qd3 Rxa4 28.
Rxa4 Rxa4 29. Rb1 Qc4 30. Qe4 Nxd4 31. Rb8+ Kg7 32. Ng1 Ne7 33. Nf3 Nxf3 34.
Qxf3 Ra2 35. Ra8 Rc2 36. Ra3 Bd4 37. Re3 Qc5 38. Re2 Rxe2 39. Qxe2 Bxf2 40.
Qxf2 Qxf2+ 41. Kxf2 Nf5 42. g4 Ne7 43. Ke3 h6 44. Kd4 d6 45. Bg2 g5 46. fxg5
hxg5 47. h3 Kf6 48. Be4 Ng6 49. Bg2 Nf4 50. Bf1 e5+ 51. Ke3 Ke6 52. Ke4 d5+ 53.
Ke3 Kd6 54. Kf3 e4+ 55. Ke3 Ke5 0-1

[Event "Transcontinental 2-A"]
[Site "Montreal CAN"]
[Date "2010.02.05"]
[Round "1"]
[White "Gagnon, Serge"]
[Black "Chiku-Ratte, Olivier-Kenta"]
[Result "1-0"]
[WhiteElo "1945"]
[BlackElo "1868"]
[PlyCount "47"]
[EventDate "2010.02.05"]
[EventType "tourn"]
[EventRounds "5"]
[EventCountry "CAN"]

1. d4 Nf6 2. c4 c5 3. Nf3 g6 4. Nc3 Bg7 5. e4 cxd4 6. Nxd4 d6 7. Be2 O-O 8. Be3
Nc6 9. Qd2 Ng4 10. Bxg4 Bxg4 11. f3 Bd7 12. O-O Ne5 13. b3 a6 14. Rac1 Re8 15.
Nd5 e6 16. Nc3 Qa5 17. Nde2 Bf8 18. Nd5 Qxd2 19. Nf6+ Kh8 20. Bxd2 Red8 21. Ba5
Rdb8 22. Rfd1 Rc8 23. g4 Nc6 24. Bc3 1-0

[Event "Transcontinental 2-A"]
[Site "Montreal CAN"]
[Date "2010.02.06"]
[Round "2"]
[White "Chiku-Ratte, Olivier-Kenta"]
[Black "Dumont, Felix"]
[Result "0-1"]
[WhiteElo "1868"]
[BlackElo "1905"]
[PlyCount "70"]
[EventDate "2010.02.05"]
[EventType "tourn"]
[EventRounds "5"]
[EventCountry "CAN"]

1. d4 Nf6 2. c4 g6 3. Nc3 Bg7 4. e4 d6 5. f4 O-O 6. Nf3 Na6 7. Be2 e5 8. fxe5
dxe5 9. d5 Nc5 10. Bg5 h6 11. Bxf6 Qxf6 12. b4 Nd7 13. c5 a5 14. a3 axb4 15.
axb4 Rxa1 16. Qxa1 Qf4 17. Qa2 Nf6 18. g3 Qc1+ 19. Nd1 Nxe4 20. O-O Bh3 21. Re1
Nc3 22. Qc4 e4 23. Nf2 exf3 24. Rxc1 Nxe2+ 25. Qxe2 fxe2 26. Nxh3 Bc3 27. Kf2
Re8 28. Re1 Bxe1+ 29. Kxe1 Kg7 30. Nf4 Re4 31. b5 Rb4 32. c6 Rxb5 33. d6 cxd6
34. c7 Rc5 35. Nd5 Rc2 0-1

[Event "Transcontinental 2-A"]
[Site "Montreal CAN"]
[Date "2010.02.06"]
[Round "3"]
[White "Zhang, Zhiyuan"]
[Black "Chiku-Ratte, Olivier-Kenta"]
[Result "1-0"]
[WhiteElo "1905"]
[BlackElo "1868"]
[PlyCount "71"]
[EventDate "2010.02.05"]
[EventType "tourn"]
[EventRounds "5"]
[EventCountry "CAN"]

1. e4 c5 2. c3 d5 3. exd5 Qxd5 4. Nf3 Nc6 5. d4 cxd4 6. cxd4 Bg4 7. Be2 e6 8.
a3 Nf6 9. h3 Bh5 10. Nc3 Qd6 11. Be3 Be7 12. O-O O-O 13. Qb3 Nd5 14. Nxd5 Qxd5
15. Bc4 Qd6 16. Be2 Bf6 17. Rfd1 Rfd8 18. Rab1 Rd7 19. Qb5 Qd5 20. Qxd5 Rxd5
21. Rd2 Rad8 22. Rbd1 Kf8 23. b4 a6 24. g4 Bg6 25. Bc4 R5d7 26. d5 exd5 27.
Bxd5 Bc3 28. Bc5+ Kg8 29. Bxf7+ Bxf7 30. Rxd7 Re8 31. Bd4 Be6 32. Bxc3 Bxd7 33.
Rxd7 g6 34. Ng5 h6 35. Rg7+ Kf8 36. Nh7# 1-0

[Event "Transcontinental 2-A"]
[Site "Montreal CAN"]
[Date "2010.02.07"]
[Round "4"]
[White "Lepine, Cedric"]
[Black "Chiku-Ratte, Olivier-Kenta"]
[Result "1-0"]
[WhiteElo "1834"]
[BlackElo "1868"]
[PlyCount "77"]
[EventDate "2010.02.05"]
[EventType "tourn"]
[EventRounds "5"]
[EventCountry "CAN"]

1. Nf3 Nf6 2. d4 c5 3. d5 e6 4. c4 exd5 5. cxd5 d6 6. Nc3 g6 7. e4 Bg7 8. Bd3
O-O 9. O-O a6 10. a4 Nbd7 11. Bf4 Qc7 12. Nd2 Nh5 13. Be3 Ne5 14. Be2 Nf6 15.
h3 Re8 16. f4 Ned7 17. g4 h6 18. Bd3 Nh7 19. Qf3 g5 20. e5 gxf4 21. exd6 Ne5
22. Bxh7+ Kh8 23. Qxf4 Qxd6 24. Nde4 Qe7 25. d6 Qh4 26. Bf2 Qxh3 27. Bg3 Nxg4
28. Rad1 Be6 29. d7 Rf8 30. Bf5 Be5 31. Qxe5+ Nxe5 32. Bxe5+ Kg8 33. Bxh3 Bxh3
34. Rf3 Bg4 35. Nf6+ Kg7 36. Nxg4+ f6 37. Rxf6 Rxf6 38. Bxf6+ Kf7 39. d8=Q 1-0

[Event "Transcontinental 2-A"]
[Site "Montreal CAN"]
[Date "2010.02.07"]
[Round "5"]
[White "Chiku-Ratte, Olivier-Kenta"]
[Black "Luo, Zhao Yang"]
[Result "0-1"]
[WhiteElo "1868"]
[BlackElo "1973"]
[PlyCount "72"]
[EventDate "2010.02.05"]
[EventType "tourn"]
[EventRounds "5"]
[EventCountry "CAN"]

1. d4 Nf6 2. c4 g6 3. Nc3 Bg7 4. e4 d6 5. f4 O-O 6. Nf3 c5 7. d5 e6 8. Be2 exd5
9. cxd5 Re8 10. Nd2 a6 11. a4 Nfd7 12. O-O f5 13. Bf3 Nf6 14. e5 dxe5 15. fxe5
Rxe5 16. Nc4 Re8 17. Re1 Nbd7 18. Bf4 Nb6 19. Rxe8+ Nxe8 20. Ne5 g5 21. Qb3
gxf4 22. d6+ c4 23. Nxc4 Be6 24. Qxb6 Bxc4 25. Qxb7 Rb8 26. Bd5+ Kh8 27. Qf7
Nxd6 28. Qe6 Bxd5 29. Nxd5 Rxb2 30. Re1 Bd4+ 31. Kh1 Qg5 32. Re2 Rb1+ 33. Re1
Rxe1+ 34. Qxe1 Ne4 35. Qb4 Ng3+ 36. hxg3 Qh5# 0-1

[Event "Mercredi 2010.01.06 ABCD"]
[Site "Montreal CAN"]
[Date "2010.01.06"]
[Round "1"]
[White "Chiku-Ratte, Olivier-Kenta"]
[Black "Khudaverdian, Berj"]
[Result "1-0"]
[WhiteElo "1801"]
[BlackElo "1781"]
[PlyCount "65"]
[EventDate "2010.01.06"]
[EventType "tourn"]
[EventRounds "5"]
[EventCountry "CAN"]

1. d4 d6 2. c4 Nf6 3. Nc3 g6 4. e4 Bg7 5. f4 O-O 6. Nf3 Bg4 7. Be2 Bxf3 8. Bxf3
c6 9. O-O Nbd7 10. Re1 Qc7 11. Be3 a6 12. Bf2 Rad8 13. Bg3 Qb6 14. Qb3 Qxb3 15.
axb3 Ne8 16. e5 dxe5 17. fxe5 h6 18. Rad1 e6 19. d5 cxd5 20. cxd5 b5 21. dxe6
fxe6 22. Bc6 Rf7 23. Ne4 Nc7 24. Nc5 Nxc5 25. Rxd8+ Kh7 26. b4 Na4 27. b3 Nc3
28. Bf2 N3d5 29. Bxd5 Nxd5 30. Bc5 g5 31. Rxd5 exd5 32. e6 Bc3 33. exf7 1-0

[Event "Mercredi 2010.01.06 ABCD"]
[Site "Montreal CAN"]
[Date "2010.01.13"]
[Round "2"]
[White "Cote, Philippe"]
[Black "Chiku-Ratte, Olivier-Kenta"]
[Result "0-1"]
[WhiteElo "1767"]
[BlackElo "1801"]
[PlyCount "58"]
[EventDate "2010.01.06"]
[EventType "tourn"]
[EventRounds "5"]
[EventCountry "CAN"]

1. e4 c5 2. Nf3 d6 3. d4 cxd4 4. Nxd4 Nf6 5. Nc3 g6 6. f3 Bg7 7. Be3 Nc6 8. Qd2
O-O 9. g4 Nxd4 10. Bxd4 Be6 11. h4 Qa5 12. h5 Qb4 13. O-O-O Rab8 14. hxg6 hxg6
15. g5 Nh5 16. Bxg7 Kxg7 17. f4 Rh8 18. Bd3 Qc5 19. Rhg1 b5 20. Rdf1 b4 21. Na4
Qd4 22. Kb1 d5 23. f5 Bd7 24. fxg6 fxg6 25. c3 Qe5 26. Bc2 Bxa4 27. Bxa4 bxc3
28. Qxd5 c2+ 29. Kxc2 Qxb2+ 0-1

[Event "Mercredi 2010.01.06 ABCD"]
[Site "Montreal CAN"]
[Date "2010.01.20"]
[Round "3"]
[White "Chiku-Ratte, Olivier-Kenta"]
[Black "Le Bas, Nicolas"]
[Result "1-0"]
[WhiteElo "1801"]
[BlackElo "1891"]
[PlyCount "61"]
[EventDate "2010.01.06"]
[EventType "tourn"]
[EventRounds "5"]
[EventCountry "CAN"]

1. d4 Nf6 2. c4 c5 3. d5 g6 4. Nc3 Bg7 5. e4 d6 6. f4 O-O 7. Nf3 e6 8. Be2 exd5
9. cxd5 Re8 10. Nd2 a6 11. a4 Nbd7 12. O-O Rb8 13. a5 b5 14. axb6 Qxb6 15. Nc4
Qc7 16. Bf3 Nb6 17. Na5 Bd7 18. Re1 Re7 19. Be3 Rbe8 20. Bf2 Kh8 21. e5 Ng8 22.
Bg3 Nh6 23. Ne4 Nf5 24. Bf2 Bb5 25. g4 Qd7 26. gxf5 gxf5 27. Nxd6 Rg8 28. Kh1
f6 29. Nxb5 Qxb5 30. Qe2 Qb4 31. Nc6 1-0

[Event "Mercredi 2010.01.06 ABCD"]
[Site "Montreal CAN"]
[Date "2010.01.27"]
[Round "4"]
[White "Dobrev, Martin"]
[Black "Chiku-Ratte, Olivier-Kenta"]
[Result "0-1"]
[WhiteElo "1818"]
[BlackElo "1798"]
[PlyCount "122"]
[EventDate "2010.01.06"]
[EventType "tourn"]
[EventRounds "5"]
[EventCountry "CAN"]

1. d4 Nf6 2. Nf3 c5 3. c4 g6 4. Nc3 Bg7 5. Bf4 O-O 6. e3 cxd4 7. exd4 d5 8. Be2
Nc6 9. O-O Be6 10. c5 Ne4 11. Bb5 Bg4 12. Bxc6 bxc6 13. Qd3 Bf5 14. Qa6 Qc8 15.
Qa4 Qb7 16. Qb3 Qxb3 17. axb3 g5 18. Be5 f6 19. Bg3 Nxg3 20. hxg3 g4 21. Nh4
Bd3 22. Rfd1 Bc2 23. Rd2 Bxb3 24. Re1 e5 25. Nf5 Rfe8 26. Nxg7 Kxg7 27. Rde2
Bc4 28. Re3 e4 29. Ra1 Reb8 30. Nd1 Bd3 31. f3 Bc2 32. Nf2 gxf3 33. gxf3 f5 34.
Rea3 Rxb2 35. Rxa7+ Rxa7 36. Rxa7+ Kf6 37. fxe4 dxe4 38. Ra6 e3 39. Rxc6+ Kg5
40. Nh3+ Kg4 41. Rb6 Ra2 42. Nf4 Kxg3 43. Ne2+ Kf3 44. c6 Ra8 45. c7 Rg8+ 46.
Kh2 Rc8 47. Ng1+ Ke4 48. Rc6 Bb3 49. Kg3 f4+ 50. Kg4 Bd5 51. Rc1 Be6+ 52. Kg5
f3 53. Kf6 Re8 54. d5 Bc8 55. Kf7 Bd7 56. d6 f2 57. Nh3 Kf3 58. Ng5+ Kg2 59.
Rc2 e2 60. c8=Q f1=Q+ 61. Kg7 Rxc8 0-1

[Event "Mercredi 2010.01.06 ABCD"]
[Site "Montreal CAN"]
[Date "2010.02.03"]
[Round "5"]
[White "Chiku-Ratte, Olivier-Kenta"]
[Black "Zroud, Hicham"]
[Result "0-1"]
[WhiteElo "1798"]
[BlackElo "1728"]
[PlyCount "84"]
[EventDate "2010.01.06"]
[EventType "tourn"]
[EventRounds "5"]
[EventCountry "CAN"]

1. d4 Nf6 2. c4 e5 3. dxe5 Ng4 4. Bf4 Nc6 5. Nf3 Bb4+ 6. Nbd2 Qe7 7. e3 Ngxe5
8. Nxe5 Nxe5 9. Be2 d6 10. O-O Bd7 11. Nb3 Ba4 12. Qc2 a5 13. a3 Bc5 14. Qc3
Bxb3 15. Qxb3 O-O 16. Rad1 Ra6 17. Qc3 Rb6 18. Rd5 Nd7 19. Rfd1 Qf6 20. Qd3
Rxb2 21. Bg4 Ne5 22. Rxe5 dxe5 23. Bg3 b6 24. h3 Bd6 25. e4 Bc5 26. Bf3 Bd4 27.
Rb1 Rd8 28. Qf1 Rxb1 29. Qxb1 Qc6 30. Qf1 Qa4 31. Kh2 Qxa3 32. Qd1 Qc5 33. Qd3
Ra8 34. Qc2 b5 35. Be2 b4 36. Qa4 Rb8 37. Bd1 Bxf2 38. Bxf2 Qxf2 39. Bb3 Qc5
40. Qd7 Rf8 41. h4 Qe3 42. Ba4 Qxe4 0-1